00470nam a2200133Ia 45000010005000000080041000050820022000461000087000682450110001552600021002655900007002869010028002939990015003212288241024s9999 xx 000 0 und d aRD/375/R426p/1995 aRepública Dominicana.Secretaria de Estado de Educación y Bellas Artes y Cultos 0aPlan Decenal de Educación en Acción Información Curricular en marcha. Nivel Medio Modalidad General bEd. Alfa y Omega asi a22/6/2012 11:48:24 a.m. c8398d8398